Catalog

Record Details

Catalog Search



Popular religion, liberation, and contextual theology : papers from a congress (January 3-7, 1990, Nijmegen, the Netherlands) dedicated to Arnulf Camps OFM  Cover Image Microform Microform

Popular religion, liberation, and contextual theology : papers from a congress (January 3-7, 1990, Nijmegen, the Netherlands) dedicated to Arnulf Camps OFM / edited by Jacques Van Nieuwenhove and Berma Klein Goldewijk

Nieuwenhove, Jacques van (Added Author). Goldewijk, Berma Klein (Added Author).

Record details

  • ISBN: 9024234999
  • Physical Description: vii, 256 p. ; 25 cm
  • Publisher: Kampen : Kok, 1991

Content descriptions

Bibliography, etc. Note:
Selected bibliography of Arnulf Camps: p. 235-249
Includes bibliographical references
Subject: Religion > Congresses.
Christianity and culture > Congresses
Liberation theology > Congresses

Available copies

  • 1 of 1 copy available at Common Catalog SPOK.

Holds

  • 0 current holds with 1 total copy.
Show Only Available Copies
Location Call Number / Copy Notes Barcode Shelving Location Status Due Date
Jabok Library RE-2.2 424480032913 Odborná literatura Available -

LDR 01254nam a2200313 a 4500
00118640
003CZ-PrJAB
00520150415082955.0
008911028s1991 ne bb 110 0 eng
035 . ‡a(DLC) 91210269
010 . ‡a91210269
020 . ‡a9024234999
040 . ‡aDLC ‡cDLC ‡dABG312
072 7. ‡a2 ‡xNáboženství ‡2Konspekt ‡95
24500. ‡aPopular religion, liberation, and contextual theology : ‡bpapers from a congress (January 3-7, 1990, Nijmegen, the Netherlands) dedicated to Arnulf Camps OFM / ‡cedited by Jacques Van Nieuwenhove and Berma Klein Goldewijk
260 . ‡aKampen : ‡bKok, ‡c1991
300 . ‡avii, 256 p. ; ‡c25 cm
4901 . ‡aKerk en theologie in context ; ‡vno. 8
504 . ‡aSelected bibliography of Arnulf Camps: p. 235-249
504 . ‡aIncludes bibliographical references
650 0. ‡aReligion ‡xCongresses.
650 0. ‡aChristianity and culture ‡xCongresses
650 0. ‡aLiberation theology ‡xCongresses
6530 . ‡akřesťanství ‡anáboženství ‡akongresy ‡asborníky
7001 . ‡aNieuwenhove, Jacques van
7001 . ‡aGoldewijk, Berma Klein
830 0. ‡aKerk en theologie in context ; ‡vnr. 8.
910 . ‡aABG312
901 . ‡a18640 ‡b ‡c18640 ‡tbiblio

Additional Resources